[Event "Berlin-ch U16 final"]
[Site "Berlin"]
[Date "2008.01.07"]
[Round "3.6"]
[White "Duerre, Gregor"]
[Black "Pugliese, Roland"]
[Result "1/2-1/2"]
[WhiteElo "1515"]
[BlackElo "1447"]
[PlyCount "68"]
[EventDate "2008.01.06"]
[EventType "swiss"]
[EventRounds "7"]
[EventCountry "GER"]
[SourceTitle "EXT 2022"]
[Source "ChessBase"]
[SourceDate "2021.10.06"]
[SourceVersion "1"]
[SourceVersionDate "2021.10.06"]
[SourceQuality "1"]

1. e4 e6 2. d4 d5 3. Nc3 Nf6 4. Bg5 Be7 5. Bd3 0-0 6. e5 Nfd7 7. Qh5 h6 8. Bxh6 gxh6 9. Qxh6 f5 10. Qxe6+ Rf7 11. Bxf5 Nb6 12. Qg6+ Rg7 13. Be6+ Kh8 14. Qh5+ Rh7 15. Qf5 Nc6 16. 0-0-0 Bg5+ 17. f4 Bxe6 18. Qxg5 Qxg5 19. fxg5 Bg4 20. Nge2 Nc4 21. Rd3 Rg8 22. Rg3 Rxg5 23. h3 Rgg7 24. Rf1 Be6 25. Rf8+ Bg8 26. Nxd5 Rxg3 27. Nxg3 Kg7 28. Rxg8+ Kxg8 29. Nf6+ Kh8 30. Nxh7 Kxh7 31. c3 Ne3 32. Kd2 Nxg2 33. e6 Nf4 34. h4 Kg6 1/2-1/2